|
|
|
|
| LEADER |
01309nam a2200361Ia 4500 |
| 001 |
EBC623324 |
| 003 |
MiAaPQ |
| 005 |
20200520144314.0 |
| 006 |
m o d | |
| 007 |
cr cn||||||||| |
| 008 |
091030s2010 ne sb 001 0 eng d |
| 010 |
|
|
|z 2009046131
|
| 020 |
|
|
|z 9789027211699 (hb : alk. paper)
|
| 020 |
|
|
|a 9789027288486 (electronic bk.)
|
| 035 |
|
|
|a (MiAaPQ)EBC623324
|
| 035 |
|
|
|a (Au-PeEL)EBL623324
|
| 035 |
|
|
|a (CaPaEBR)ebr10370354
|
| 035 |
|
|
|a (CaONFJC)MIL255867
|
| 035 |
|
|
|a (OCoLC)613206437
|
| 040 |
|
|
|a MiAaPQ
|c MiAaPQ
|d MiAaPQ
|
| 050 |
|
4 |
|a P85.C47
|b C48 2010
|
| 082 |
0 |
4 |
|a 415/.0182
|2 22
|
| 245 |
0 |
0 |
|a Chomskyan (r)evolutions
|h [electronic resource] /
|c edited by Douglas A. Kibbee.
|
| 260 |
|
|
|a Amsterdam ;
|a Philadelphia :
|b John Benjamins Pub. Company,
|c c2010.
|
| 300 |
|
|
|a xii, 488 p.
|
| 504 |
|
|
|a Includes bibliographical references and index.
|
| 533 |
|
|
|a Electronic reproduction. Ann Arbor, MI : ProQuest, 2015. Available via World Wide Web. Access may be limited to ProQuest affiliated libraries.
|
| 600 |
1 |
0 |
|a Chomsky, Noam.
|
| 650 |
|
0 |
|a Generative grammar.
|
| 655 |
|
4 |
|a Electronic books.
|
| 700 |
1 |
|
|a Kibbee, Douglas A.
|
| 710 |
2 |
|
|a ProQuest (Firm)
|
| 856 |
4 |
0 |
|u https://ebookcentral.proquest.com/lib/matrademy/detail.action?docID=623324
|z Click to View
|